000 00689nam a2200289Ia 4500
005 20260324113344.0
008 008 260324s9999 xx 000 0 eng d
020 _a9781003435853
037 _aEBOOK
040 _aCRL
040 _beng
040 _cCRL
041 _2eng
041 _aeng
084 _qCRL
100 _aFrançois Boucher; Jean-François Caron
_91146445
245 0 _aMulticultural Citizenship
245 0 _bLegacy and Critique
260 _bTaylor and Francis
260 _c2024
365 _a
365 _b220
856 _uhttp://www.taylorfrancis.com/books/9781003435853
942 _cEBOOK
999 _c1736050
_d1736050